Southville International School and Colleges
Your cart is empty.
  • Cart
  • Lists
    Public lists Eva Luna New books Lux_list list_1
    Your lists Log in to create your own lists
  • Log in to your account
  • Your cookies
  • Search history
Southville International School and Colleges
  • Advanced search
  • Recent comments
  • Most popular
  • Libraries

Log in to your account

Log in with GOOGLE


If you do not have an external account, but do have a local account, you can still log in:

  1. Home
  2. MARC view: Management :
Normal view MARC view ISBD view

Management : (Record no. 288365)

[ view plain ]
MARC details
000 -LEADER
fixed length control field 01978cam a2200313 i 4500
001 - CONTROL NUMBER
control field 17912754
003 - CONTROL NUMBER IDENTIFIER
control field SISC
005 - DATE AND TIME OF LATEST TRANSACTION
control field 20170123135603.0
008 - FIXED-LENGTH DATA ELEMENTS--GENERAL INFORMATION
fixed length control field 131021s2015 nyua b 001 0 eng
010 ## - LIBRARY OF CONGRESS CONTROL NUMBER
LC control number 2013037450
020 ## - INTERNATIONAL STANDARD BOOK NUMBER
International Standard Book Number 9781259254222
020 ## - INTERNATIONAL STANDARD BOOK NUMBER
International Standard Book Number 0077862546 (alk. paper)
040 ## - CATALOGING SOURCE
Original cataloging agency DLC
Language of cataloging eng
Transcribing agency DLC
Description conventions rda
Modifying agency DLC
042 ## - AUTHENTICATION CODE
Authentication code pcc
050 00 - LIBRARY OF CONGRESS CALL NUMBER
Classification number HD 31
Item number .B369 2015
082 00 - DEWEY DECIMAL CLASSIFICATION NUMBER
Classification number 658
100 1# - MAIN ENTRY--PERSONAL NAME
Personal name Bateman, Thomas S.
245 10 - TITLE STATEMENT
Title Management :
Remainder of title leading & collaborating in a competitive world /
Statement of responsibility, etc Thomas S. Bateman, McIntire School of Commerce, University of Virginia, Scott A. Snell, Darden Graduate School of Business, University of Virginia.
250 ## - EDITION STATEMENT
Edition statement 11th edition.
260 ## - PUBLICATION, DISTRIBUTION, ETC. (IMPRINT)
Place of publication, distribution, etc New York :
Name of publisher, distributor, etc McGraw-Hill,
Date of publication, distribution, etc 2015.
300 ## - PHYSICAL DESCRIPTION
Extent xxxii, 630 pages :
Other physical details color illustrations ;
Dimensions 28 cm.
500 ## - GENERAL NOTE
General note Includes bibliographical references and indexes.
505 0# - FORMATTED CONTENTS NOTE
Formatted contents note Preface -- Foundations of management -- Managing and performing -- The external and internal environments -- Managerial decision making -- Planning: delivering strategic value -- Planning and strategic management -- Ethics, corporate responsibility, and sustainability -- International management -- Entrepreneurship -- Organizing: building a dynamic organization -- Organization structure -- Organizational agility -- Human resources management -- Managing the diverse workforce -- Leading: mobilizing people -- Leadership -- Motivating for performance -- Teamwork -- Communicating -- Controlling: learning and changing -- Managerial control -- Managing technology and innovation -- Creating and leading change -- Supporting case: technology helps dollar general pinch pennies -- Notes -- Photo credits -- Glossary/subject index -- Name index.
650 #0 - SUBJECT ADDED ENTRY--TOPICAL TERM
Topical term or geographic name as entry element Management.
700 1# - ADDED ENTRY--PERSONAL NAME
Personal name Snell, Scott.
Dates associated with a name 1958-
906 ## - LOCAL DATA ELEMENT F, LDF (RLIN)
a 7
b cbc
c orignew
d 1
e ecip
f 20
g y-gencatlg
942 ## - ADDED ENTRY ELEMENTS (KOHA)
Source of classification or shelving scheme Library of Congress Classification
Koha item type Books
Call number prefix Foreign
Holdings
Withdrawn status Lost status Source of classification or shelving scheme Damaged status Home library Current library Shelving location Date acquired Source of acquisition Cost, normal purchase price Sub Shelving location Total Checkouts Full call number Barcode Date last seen Date checked out Price effective from Koha item type
    Library of Congress Classification   College Library College Library Reserve Section 08/06/2015 Library Fund 2548.00   1 HD 31 .B369 2015 C19683 07/05/2019 07/02/2019 08/06/2015 Books

Management :

APA

Bateman T. S., Snell S., . (2015). Management. New York: McGraw-Hill.

Chicago

Bateman Thomas S, Snell Scott, . 2015. Management. New York: McGraw-Hill.

Harvard

Bateman T. S., Snell S., . (2015). Management. New York: McGraw-Hill.

MLA

Bateman Thomas S, Snell Scott, . Management. New York: McGraw-Hill. 2015.

  • Place hold
  • Print
  • Cite
  • Add to your cart (remove)
  • Save record
    BIBTEX Dublin Core MARCXML MARC (non-Unicode/MARC-8) MARC (Unicode/UTF-8) MARC (Unicode/UTF-8, Standard) MODS (XML) RIS
  • More searches
    Search for this title in:
    Other Libraries (WorldCat) Other Databases (Google Scholar) Online Stores (Bookfinder.com) Open Library (openlibrary.org)

Exporting to Dublin Core...

SOUTHVILLE LIBRARY

Southville International School and Colleges Library

1281 Tropical Ave. Cor. Luxembourg St., BF Homes International, Las Pinas City

Tel. No. 8256374 / 252358 Loc. 117/146

Powered by Koha